Grafika vyčislitel'nych processov

Saved in:
Bibliographic Details
Main Author: Pantelejeva, Zinaida Timofejevna
Format: Book
Language:Russian
Published: Moskva Finansy i statistika 1983
Tags: Add Tag
No Tags, Be the first to tag this record!

MARC

LEADER 00000nam a2200000 4500
001 c115302
005 20041019155201.0
041 0 |a rus 
044 |a RU 
245 1 0 |a Grafika vyčislitel'nych processov  |c Zinaida Timofejevna Pantelejeva 
264 1 |a Moskva  |b Finansy i statistika  |c 1983 
300 |a 166 s. 
100 1 |a Pantelejeva, Zinaida Timofejevna